[Event "Stay Safe Play From Home 237"]
[Site "Emanuel Lasker Arena"]
[Date "2020.06.18"]
[Round "2"]
[White "Buzaglo"]
[Black "Lazieri3"]
[Result "0-1"]
[WhiteElo "1732"]
[BlackElo "2066"]
[Annotator "TA"]
[PlyCount "122"]
[EventDate "2020.06.18"]
[EventType "swiss (blitz)"]

{[%evp 9,121,23,12,16,9,2,4,-25,23,25,47,49,40,41,35,19,16,-104,-13,-14,-16,-60,-59,-54,-18,-22,-40,-120,-36,-32,-38,-62,-61,-64,9,6,7,8,3,0,0,0,0,-28,-28,-28,-28,-28,-28,-28,0,0,0,0,0,0,0,0,0,-750,-693,-748,-747,-657,-433,-740,-358,-1929,-1688,-1525,-1264,-6211,-7055,-29968,-29969,-29966,-29965,-12813,-12812,-6536,-6203,-29949,-6741,-29981,-29981,-29986,-29987,-29987,-29988,-29988,-29988,-29988,-29989,-29990,-29991,-29991,-29992,-29992,-29993,-29993,-29994,-29995,-29994,-29994,-29995,-29995,-29994,-29996,-29997,-29997,-29998,-29998,-29999,-29999]} 1. d4 c6 2. Nf3 d5 3. g3 Bf5 4. Bg2 Nf6 5. Nh4 Bg4 6. O-O {D02: 1 d4 d5 2 Nf3 sidelines, including 2...Nf6 3 g3 and 2...Nf6 3 Bf4.} e6 7. h3 Bh5 {[#]} 8. Nf3 $146 {The position is equal.} ({Predecessor:} 8. Qd3 Nbd7 9. c4 dxc4 10. Qxc4 Be7 11. e4 Nb6 12. Qd3 Nfd7 13. Nf3 f6 14. Rd1 O-O 15. Nc3 Bd6 16. Ne2 Qe7 17. Be3 Rfe8 18. a4 a5 19. Nf4 {½-½ (19) Schoen,A (2505)-Vrkoc,D (2607) ICCF email 2010}) 8... Bg6 9. Ne5 Nbd7 10. Nxg6 hxg6 11. c4 Bd6 12. cxd5 exd5 13. e4 (13. Nc3 $11 {keeps the balance.}) 13... dxe4 (13... Nxe4 $17 14. Nc3 Nxc3 15. bxc3 O-O) 14. Re1 O-O 15. Bxe4 Nxe4 16. Rxe4 Re8 17. Rxe8+ Qxe8 18. Be3 {[#]} (18. Nc3 $15) 18... Qe6 ({Better is} 18... Bxg3 $1 $17 {[%mdl 512] White must now prevent ...Bc7.} 19. Qb3 (19. fxg3 Qxe3+) 19... Bd6) 19. Kg2 Nf6 20. Qf3 Re8 21. Nc3 Nd5 ({Black should try} 21... Bb4 $15) 22. Nxd5 $11 Qxd5 23. Qxd5 cxd5 {[%mdl 4096] Endgame KRB-KRB} 24. Rc1 f6 25. Kf3 g5 26. g4 Kf7 27. b3 Ke6 28. Rc2 Kd7 (28... Ra8 {looks sharper.} 29. a4 a6 30. Rc1 Kd7 31. Rh1 Rh8) 29. a4 Rc8 30. Rxc8 Kxc8 {KB-KB} 31. Ke2 Kc7 32. Kd3 Kc6 33. Kc3 b5 {[%cal Bb7b5,Bb5b4][%mdl 32]} 34. a5 $2 {[%mdl 8192] [#] White is on the road to losing.} (34. axb5+ $11 Kxb5 35. Bc1) 34... b4+ $1 $19 35. Kd3 Kb5 36. Bd2 Kxa5 37. Ke2 (37. Kc2 $142 Kb5 38. Be1) 37... Kb5 38. f3 $2 (38. Bc1 a5 39. Kd3) 38... a5 39. Kd3 a4 40. bxa4+ Kxa4 41. Kc2 b3+ 42. Kb2 Ba3+ 43. Kb1 Bb4 44. Be3 Kb5 45. Kb2 Kc4 46. Bf2 Bc3+ {Black mates.} 47. Kb1 Bxd4 48. Bg3 Be3 49. h4 gxh4 50. Bxh4 d4 51. Bg3 d3 52. Be1 d2 53. Bxd2 Bxd2 {KB-KPP} 54. Kb2 g5 55. Kb1 Bc3 56. Kc1 Kd3 57. Kb1 Ke3 58. f4 gxf4 59. Kc1 f3 60. Kd1 f2 {[%cal Rf2f1]} 61. Kc1 f1=Q# {Accuracy: White = 59%, Black = 81%.} 0-1

[Event "Stay Safe Play From Home 237"]
[Site "Emanuel Lasker Arena"]
[Date "2020.06.18"]
[Round "2"]
[White "Tunca"]
[Black "Dukic"]
[Result "0-1"]
[WhiteElo "1651"]
[BlackElo "1929"]
[Annotator "TA"]
[PlyCount "44"]
[EventDate "2020.06.18"]
[EventType "swiss (blitz)"]

{[%evp 9,44,45,37,20,44,45,38,4,0,-12,-13,-75,-18,-73,0,-93,0,-87,183,-53,0,0,0,-50,34,-93,-110,-102,-91,-47,23,17,31,2,158,-29,-37]} 1. e4 c6 2. d4 d6 3. f4 Nd7 4. Nf3 Qc7 5. Nc3 e5 6. Be2 {B12: Caro-Kann: Advance Variation.} Be7 7. O-O Ngf6 8. fxe5 {White is slightly better.} dxe5 {[#]} 9. Bg5 $146 ({Predecessor:} 9. dxe5 Ng4 10. Nd4 Ndxe5 11. h3 Nf6 12. Kh1 O-O 13. Nf5 Bxf5 14. exf5 Rfe8 15. Bf4 {0-1 (25) Ursta Anghel,M (1835)-Danielsen,H (2490) Koge 2014}) 9... O-O 10. Qd2 (10. Kh1 $1 $11 {was the only way to keep the balance.}) 10... b5 (10... h6 $17 11. Be3 Ng4) 11. Bd3 (11. a3 $11 {remains equal.}) 11... Bb7 (11... exd4 $17 12. Nxd4 Bc5) 12. Qf2 (12. dxe5 $11 {keeps the balance.} Nxe5 13. Nxe5 Qxe5 14. Rf5 Qd4+ 15. Be3) 12... a6 (12... exd4 $17 13. Nxd4 Ng4 $1 {[%mdl 512]}) 13. Ne2 (13. Qg3 $11) 13... exd4 $2 {[%mdl 8192]} (13... c5 $17 {keeps the pressure on. White must now prevent ...c4.} 14. dxe5 Nxe5) 14. Nfxd4 $2 {[#]} (14. Qh4 $1 $18) 14... Bd6 (14... Ng4 $1 $15 {[%mdl 512]} 15. Bf4 Nxf2 16. Bxc7 Ng4) 15. Qh4 $11 {[%cal Rg5f6]} c5 $1 {aiming for ...Be5.} 16. Nf5 {e5! is the strong threat.} (16. Rxf6 $5 Nxf6 17. e5 $1 {[%mdl 512]} (17. Bxf6 Be5 $15) 17... Bxe5 18. Bxf6 $11) 16... Be5 (16... c4 $15 17. Nxg7 Be5) 17. Nc3 (17. c3 $14) 17... c4 $17 18. Be2 Rfe8 19. Rae1 ({Don't blunder} 19. Nxg7 $2 Kxg7 20. Kh1 Kg8 $17) 19... b4 {[#]} (19... Bxc3 $15 20. bxc3 Rxe4) 20. Nd5 $1 $11 {[%cal Rd5c7][%mdl 512]} Nxd5 (20... Bxd5 21. exd5) 21. exd5 f6 $2 {[#]} ({Black should try} 21... Bxd5 $11 22. Ne7+ Rxe7 $1 {[%mdl 512]} 23. Bxe7 Re8) 22. Be3 $2 (22. Bh6 $1 $16 {[%mdl 512]}) 22... Bxd5 {Accuracy: White = 38%, Black = 32%.} 0-1

[Event "Stay Safe Play From Home 237"]
[Site "Emanuel Lasker Arena"]
[Date "2020.06.18"]
[Round "2"]
[White "Katianet"]
[Black "Timbre"]
[Result "1-0"]
[WhiteElo "1485"]
[BlackElo "1687"]
[Annotator "NA RC"]
[PlyCount "91"]
[EventDate "2020.06.18"]
[EventType "swiss (blitz)"]

1. d4 {[%emt 0:00:02]} d5 {[%emt 0:00:02]} 2. Nf3 {[%emt 0:00:02]} c6 {[%emt 0:00:01]} 3. Bf4 {[%emt 0:00:17]} Nf6 {[%emt 0:00:03]} 4. e3 {[%emt 0:00:01]} Bf5 {[%emt 0:00:03]} 5. Bd3 {[%emt 0:00:01]} Bg6 {[%emt 0:00:01]} 6. O-O {[%emt 0:00:04]} e6 {[%emt 0:00:01]} 7. Nbd2 {[%emt 0:00:00]} Bd6 {[%emt 0:00:02]} 8. Ne5 {[%emt 0:00:02]} Qc7 {[%emt 0:00:03]} 9. Ndf3 {[%emt 0:00:01]} Nbd7 {[%emt 0:00:02]} 10. Nxg6 {[%emt 0:00:04]} hxg6 {[%emt 0:00:02]} 11. Bxd6 {[%emt 0:00:01]} Qxd6 {[%emt 0:00:01]} 12. h3 {[%emt 0:00:01]} Kf8 {[%emt 0:00:02]} 13. c4 {[%emt 0:00:07]} Kg8 {[%emt 0:00:02]} 14. c5 {[%emt 0:00:02]} Qe7 {[%emt 0:00:01]} 15. Qc2 {[%emt 0:00:02]} e5 {[%emt 0:00:02]} 16. Nxe5 {[%emt 0:00:05]} Nxe5 {[%emt 0:00:02]} 17. dxe5 {[%emt 0:00:01]} Qxe5 {[%emt 0:00:01]} 18. b4 {[%emt 0:00:04]} Ng4 {[%emt 0:00:08]} 19. g3 {[%emt 0:00:06]} Nf6 {[%emt 0:00:02]} 20. Kg2 {[%emt 0:00:05]} Re8 {[%emt 0:00:06]} 21. Rae1 {[%emt 0:00:03]} Qc7 {[%emt 0:00:07]} 22. a3 {[%emt 0:00:01]} Ne4 {[%emt 0:00:03]} 23. Bxe4 {[%emt 0:00:02]} Rxe4 {[%emt 0:00:03]} 24. Rd1 {[%emt 0:00:02]} Qc8 {[%emt 0:00:08]} 25. Rh1 {[%emt 0:00:19]} Re5 {[%emt 0:00:04]} 26. Rd4 {[%emt 0:00:03]} Reh5 {[%emt 0:00:05]} 27. h4 {[%emt 0:00:04]} Kh7 {[%emt 0:00:09]} 28. Qe2 {[%emt 0:00:03]} Re8 {[%emt 0:00:04]} 29. Qf3 {[%emt 0:00:05]} Rf5 {[%emt 0:00:04]} 30. Rf4 {[%emt 0:00:01]} Rxf4 {[%emt 0:00:05]} 31. Qxf4 {[%emt 0:00:02]} Qe6 {[%emt 0:00:02]} 32. h5 {[%emt 0:00:03]} Kg8 {[%emt 0:00:16]} 33. hxg6 {[%emt 0:00:02]} fxg6 {[%emt 0:00:04]} 34. Qh4 {[%emt 0:00:01]} Rf8 {[%emt 0:00:11]} 35. Qd4 {[%emt 0:00:08]} Qf5 {[%emt 0:00:05]} 36. Qb2 {[%emt 0:00:12]} Qf3+ {[%emt 0:00:06]} 37. Kg1 {[%emt 0:00:05]} Rf5 {[%emt 0:00:11]} 38. Rh4 {[%emt 0:00:11]} a6 {[%emt 0:00:07]} 39. Rf4 {[%emt 0:00:01]} Qd1+ {[%emt 0:00:11]} 40. Kg2 {[%emt 0:00:02]} Rh5 {[%emt 0:00:01]} 41. Rh4 {[%emt 0:00:04]} Rxh4 {[%emt 0:00:01]} 42. gxh4 {[%emt 0:00:01]} Qg4+ {[%emt 0:00:02]} 43. Kf1 {[%emt 0:00:02]} Qxh4 {[%emt 0:00:01]} 44. Qc2 {[%emt 0:00:01]} Qg4 {[%emt 0:00:02]} 45. Qd3 {[%emt 0:00:06]} Qe6 {[%emt 0:00:01]} 46. Kg2 {[%emt 0:00:02] ' Time (Lag: Av=1.09s, max=22.6s)} 1-0

[Event "Stay Safe Play From Home 237"]
[Site "Emanuel Lasker Arena"]
[Date "2020.06.18"]
[Round "3"]
[White "Mepe_Nika"]
[Black "BrainThinker22"]
[Result "1/2-1/2"]
[WhiteElo "2385"]
[BlackElo "2073"]
[Annotator "NA RC"]
[PlyCount "196"]
[EventDate "2020.06.18"]
[EventType "swiss (blitz)"]

1. d4 {[%emt 0:00:01]} d5 {[%emt 0:00:02] BrainThinker22 offers a draw} 2. Bf4 {[%emt 0:00:08]} Bf5 {[%emt 0:00:02]} 3. e3 {[%emt 0:00:01]} e6 {[%emt 0:00:02]} 4. c4 {[%emt 0:00:01]} Nf6 {[%emt 0:00:06]} 5. Nc3 {[%emt 0:00:01]} dxc4 {[%emt 0:00:04]} 6. Bxc4 {[%emt 0:00:01]} a6 {[%emt 0:00:01]} 7. Nf3 {[%emt 0:00:01]} Nc6 {[%emt 0:00:01]} 8. O-O {[%emt 0:00:01]} Bd6 {[%emt 0:00:01]} 9. Bxd6 {[%emt 0:00:01]} Qxd6 {[%emt 0:00:00]} 10. Qe2 {[%emt 0:00:04]} O-O {[%emt 0:00:02]} 11. e4 {[%emt 0:00:03]} Bg4 {[%emt 0:00:04]} 12. e5 {[%emt 0:00:03]} Bxf3 {[%emt 0:00:01]} 13. gxf3 {[%emt 0:00:13]} Qxd4 {[%emt 0:00:03]} 14. exf6 {[%emt 0:00:03]} Qxf6 {[%emt 0:00:00]} 15. Kh1 {[%emt 0:00:04]} Ne5 {[%emt 0:00:03]} 16. Rg1 {[%emt 0:00:08]} Qxf3+ {[%emt 0:00:05]} 17. Qxf3 {[%emt 0:00:02]} Nxf3 {[%emt 0:00:00]} 18. Rgd1 {[%emt 0:00:03]} Rad8 {[%emt 0:00:03]} 19. Ne4 {[%emt 0:00:04]} Ne5 {[%emt 0:00:06]} 20. Be2 {[%emt 0:00:02]} Nc6 {[%emt 0:00:30]} 21. Nc5 {[%emt 0:00:09]} b6 {[%emt 0:00:17]} 22. Nd7 {[%emt 0:00:08]} Rfe8 {[%emt 0:00:07]} 23. Rac1 {[%emt 0:00:03]} Ne7 {[%emt 0:00:05]} 24. Bxa6 {[%emt 0:00:08]} Nd5 {[%emt 0:00:05]} 25. Ne5 {[%emt 0:00:06]} c5 {[%emt 0:00:01]} 26. Bb5 {[%emt 0:00:02]} Rf8 {[%emt 0:00:05]} 27. Bc6 {[%emt 0:00:28]} Nb4 {[%emt 0:00:15]} 28. Be4 {[%emt 0:00:09]} Nxa2 {[%emt 0:00:04]} 29. Ra1 {[%emt 0:00:02]} Nb4 {[%emt 0:00:01]} 30. Nd7 {[%emt 0:00:01]} Rfe8 {[%emt 0:00:02]} 31. Nxb6 {[%emt 0:00:01]} Rb8 {[%emt 0:00:03]} 32. Nc4 {[%emt 0:00:01]} f5 {[%emt 0:00:02]} 33. Bg2 {[%emt 0:00:04]} Red8 {[%emt 0:00:01]} 34. Bf1 {[%emt 0:00:06]} Nc2 {[%emt 0:00:02]} 35. Rac1 {[%emt 0:00:02]} Nd4 {[%emt 0:00:00]} 36. Kg2 {[%emt 0:00:03]} Nb3 {[%emt 0:00:02]} 37. Rxd8+ {[%emt 0:00:01]} Rxd8 {[%emt 0:00:01]} 38. Rc3 {[%emt 0:00:00]} Nd4 {[%emt 0:00:01]} 39. Ne3 {[%emt 0:00:00]} Rc8 {[%emt 0:00:03]} 40. b4 {[%emt 0:00:01]} Kf7 {[%emt 0:00:04]} 41. Rxc5 {[%emt 0:00:01]} Rb8 {[%emt 0:00:01]} 42. b5 {[%emt 0:00:01]} h5 {[%emt 0:00:04]} 43. Nc4 {[%emt 0:00:01]} Kf6 {[%emt 0:00:01]} 44. Na5 {[%emt 0:00:01]} Rb6 {[%emt 0:00:01]} 45. Nc6 {[%emt 0:00:01]} Nb3 {[%emt 0:00:03]} 46. Rc3 {[%emt 0:00:02]} Nd2 {[%emt 0:00:01]} 47. Na5 {[%emt 0:00:02]} Ne4 {[%emt 0:00:01]} 48. Rc6 {[%emt 0:00:01]} Rb8 {[%emt 0:00:00]} 49. Nb3 {[%emt 0:00:02]} Ke7 {[%emt 0:00:01]} 50. Nd4 {[%emt 0:00:01]} Kd7 {[%emt 0:00:01]} 51. Rxe6 {[%emt 0:00:01]} Nc5 {[%emt 0:00:00]} 52. Re5 {[%emt 0:00:01]} Nb7 {[%emt 0:00:00]} 53. Rd5+ {[%emt 0:00:00]} Ke7 {[%emt 0:00:01]} 54. Rxf5 {[%emt 0:00:00]} g6 {[%emt 0:00:01]} 55. Rd5 {[%emt 0:00:00]} Kf6 {[%emt 0:00:00]} 56. Rd7 {[%emt 0:00:02]} Nc5 {[%emt 0:00:01]} 57. Rc7 {[%emt 0:00:00]} Ne6 {[%emt 0:00:01]} 58. Rc6 {[%emt 0:00:00]} Re8 {[%emt 0:00:00]} 59. Nxe6 {[%emt 0:00:00]} Rxe6 {[%emt 0:00:00]} 60. Rxe6+ {[%emt 0:00:00]} Kxe6 {[%emt 0:00:00]} 61. b6 {[%emt 0:00:00]} Kd6 {[%emt 0:00:00]} 62. b7 {[%emt 0:00:00]} Kc7 {[%emt 0:00:00]} 63. Bd3 {[%emt 0:00:00]} g5 {[%emt 0:00:01]} 64. Bg6 {[%emt 0:00:00]} h4 {[%emt 0:00:00]} 65. Bh5 {[%emt 0:00:00]} Kxb7 {[%emt 0:00:00]} 66. Kh3 {[%emt 0:00:00]} Kc7 {[%emt 0:00:00]} 67. Kg4 {[%emt 0:00:00]} Kd6 {[%emt 0:00:00]} 68. Kxg5 {[%emt 0:00:00]} h3 {[%emt 0:00:00]} 69. Kh4 {[%emt 0:00:00]} Ke5 {[%emt 0:00:00]} 70. Kxh3 {[%emt 0:00:00]} Kf5 {[%emt 0:00:00]} 71. Kg3 {[%emt 0:00:00]} Kf6 {[%emt 0:00:00]} 72. Kg2 {[%emt 0:00:00]} Kg7 {[%emt 0:00:00]} 73. f3 {[%emt 0:00:00]} Kh6 {[%emt 0:00:00]} 74. Kg3 {[%emt 0:00:00]} Kxh5 {[%emt 0:00:00]} 75. f4 {[%emt 0:00:01]} Kh6 {[%emt 0:00:00]} 76. Kf3 {[%emt 0:00:00]} Kg6 {[%emt 0:00:00]} 77. Ke4 {[%emt 0:00:00]} Kf6 {[%emt 0:00:00]} 78. f5 {[%emt 0:00:00]} Kf7 {[%emt 0:00:00]} 79. Kf4 {[%emt 0:00:00]} Ke7 {[%emt 0:00:00]} 80. Ke5 {[%emt 0:00:00]} Kf7 {[%emt 0:00:00]} 81. f6 {[%emt 0:00:00]} Kf8 {[%emt 0:00:00]} 82. Kf5 {[%emt 0:00:00]} Ke8 {[%emt 0:00:00]} 83. Ke5 {[%emt 0:00:00]} Kf7 {[%emt 0:00:00]} 84. Kf5 {[%emt 0:00:00]} Kf8 {[%emt 0:00:00]} 85. Kg6 {[%emt 0:00:00]} Kg8 {[%emt 0:00:00]} 86. f7+ {[%emt 0:00:00]} Kf8 {[%emt 0:00:00]} 87. h3 {[%emt 0:00:00]} Ke7 {[%emt 0:00:00]} 88. h4 {[%emt 0:00:00]} Ke6 {[%emt 0:00:00]} 89. h5 {[%emt 0:00:00]} Ke5 {[%emt 0:00:00]} 90. h6 {[%emt 0:00:00]} Ke4 {[%emt 0:00:00]} 91. h7 {[%emt 0:00:00]} Ke3 {[%emt 0:00:01]} 92. h8=Q {[%emt 0:00:00]} Ke2 {[%emt 0:00:00]} 93. Qh7 {[%emt 0:00:00]} Kd1 {[%emt 0:00:00]} 94. Qh6 {[%emt 0:00:00]} Kc2 {[%emt 0:00:01]} 95. Qh5 {[%emt 0:00:00]} Kb1 {[%emt 0:00:00]} 96. Qh4 {[%emt 0:00:00]} Ka2 {[%emt 0:00:00]} 97. Qh3 {[%emt 0:00:00]} Ka1 {[%emt 0:00:00]} 98. Qh2 {[%emt 0:00:00]} Kb1 {[%emt 0:00:00]} 1/2-1/2

[Event "Stay Safe Play From Home 237"]
[Site "Emanuel Lasker Arena"]
[Date "2020.06.18"]
[Round "3"]
[White "Lazieri3"]
[Black "Dukic"]
[Result "1-0"]
[WhiteElo "2070"]
[BlackElo "1935"]
[Annotator "TA"]
[PlyCount "93"]
[EventDate "2020.06.18"]
[EventType "swiss (blitz)"]

{[%evp 9,93,33,29,0,0,0,0,-10,0,-27,-25,-46,-42,-59,-54,-40,14,18,18,16,4,-4,0,-7,-17,-51,-12,-22,-12,-16,0,-12,0,0,0,0,0,0,8,-13,8,8,0,-17,0,0,50,0,0,0,17,17,17,0,0,0,0,0,0,0,0,0,0,0,0,0,0,0,0,0,0,-8,0,0,0,0,0,0,0,-8,-8,-8,-10,-47,-47,-47]} 1. e4 c6 2. d4 d6 3. Nc3 Nd7 4. Nf3 e5 5. Be3 Be7 6. dxe5 {C41: Philidor Defence.} dxe5 7. Bc4 Ngf6 8. O-O {The position is equal.} b5 9. Bb3 O-O 10. Bg5 Qc7 {[#]} 11. Ne2 $146 ({Predecessor:} 11. Qd2 a5 12. a4 b4 13. Ne2 Nc5 14. Bc4 Ncxe4 15. Qe3 Nxg5 16. Nxg5 h6 17. Ne4 {0-1 (50) Jmaiel,W (1009)-Levier,J (1590) Fontenay le Fleury 2003}) 11... Nc5 12. Ng3 Nfxe4 (12... a5 $15 13. Bxf6 Bxf6) 13. Bxe7 Qxe7 14. Nxe4 Nxe4 15. Qe2 Bf5 16. c3 Bg6 17. Bc2 f5 18. Bxe4 fxe4 19. Nd2 Qh4 20. g3 Qh5 21. Qxh5 Bxh5 22. Nxe4 Rad8 23. Rfe1 Rd5 24. h3 Rfd8 25. g4 Bg6 26. Re2 Rd3 27. Kg2 R8d5 28. Rae1 h6 29. f3 c5 30. h4 c4 31. h5 Bxe4 32. Rxe4 $11 {[%mdl 4096] Endgame KRR-KRR} Rd2+ 33. R1e2 Rxe2+ 34. Rxe2 {KR-KR} Kf7 35. Kg3 Kf6 36. Rf2 Rd3 37. Re2 a5 38. Kf2 b4 39. cxb4 axb4 40. Rc2 c3 41. bxc3 bxc3 42. Ke2 {[#]} e4 $1 {[%mdl 512]} 43. fxe4 Rg3 44. a4 {[%cal Ba2a4,Ba4a5,Ba5a6][%mdl 32] Black should prevent a5.} Ke5 45. a5 {a6 is the strong threat.} Kd4 46. Kf2 Rxg4 {[#] aiming for ...Rg5.} 47. a6 $1 {[%mdl 32768] Accuracy: White = 89%, Black = 90%. . Loss on time!?} 1-0

[Event "Stay Safe Play From Home 237"]
[Site "Emanuel Lasker Arena"]
[Date "2020.06.18"]
[Round "3"]
[White "Greblha"]
[Black "Edmatuag"]
[Result "1-0"]
[WhiteElo "1924"]
[BlackElo "1634"]
[Annotator "TA"]
[PlyCount "69"]
[EventDate "2020.06.18"]
[EventType "swiss (blitz)"]

{[%evp 14,69,31,27,60,40,73,27,64,41,49,22,39,37,45,37,46,33,51,23,26,-10,0,-23,11,-95,-69,-114,-82,-116,-119,-111,41,0,0,-53,-40,-102,-108,-111,420,-124,-70,-82,0,-658,-651,-615,-624,-613,29987,29988,29991,29992,29998,29999,29999,1026]} 1. e4 c5 2. Nc3 Nc6 3. g3 g6 4. Bg2 Bg7 5. d3 e6 6. Be3 d6 7. Qd2 Nge7 8. Bh6 Bf6 {B26: Closed Sicilian: 3 g3, lines with early Be3.} 9. h4 a6 {[#]} 10. g4 $146 ({Predecessor:} 10. h5 Bd7 11. Bg5 Bxg5 12. Qxg5 Qb6 13. Qf6 O-O-O 14. O-O-O Rdf8 15. Nge2 h6 16. d4 cxd4 17. Nxd4 {1-0 (27) Matousek,P (2151)-Burda,J (1992) Czechia 2009}) 10... Rg8 {White has an edge.} 11. Nge2 Bd7 12. Bg5 Bg7 13. h5 Qc7 14. hxg6 hxg6 15. O-O-O O-O-O 16. f4 Rde8 17. Bxe7 Rxe7 18. Rh7 Nd4 19. f5 (19. Nxd4 $11 {keeps the balance.} cxd4 20. Ne2) 19... Nxe2+ 20. Qxe2 gxf5 21. gxf5 Bxc3 $1 22. bxc3 {next f6 is good for White.} e5 $2 (22... exf5 $17 23. Qd2 Kb8) 23. Bf3 (23. f6 $5 {[%cal Rf6e7]} Ree8 24. Rxf7 $16) 23... Qa5 24. Kd2 (24. Kb2 $11) 24... Qxa2 $15 25. Bh5 (25. Rc1 $15) 25... Ba4 $1 $36 {[%mdl 2048] Black is on the roll.} 26. Rc1 d5 $2 {[%mdl 8192]} (26... b5 $17 27. Ke3 a5) 27. Bxf7 $2 (27. f6 $18 Rd7 28. Bxf7 Rxf7 29. Rxf7) 27... Rxf7 28. Rxf7 {[#] And now Rh7 would win.} dxe4 (28... d4 $1 $17 29. Rh7 dxc3+ 30. Kxc3 Bb5) 29. Re7 $2 {[%mdl 8192] [#]} (29. Rf6 $11 exd3 30. Qxd3) 29... exd3 $1 $19 30. Qxe5 {[%csl Ge7][%cal Re5c7]} Rg2+ 31. Kxd3 {[%csl Ge7][%cal Re5c7]} Bxc2+ $4 {[%mdl 8192]} (31... Bb5+ $19 32. Ke3 Re2+ {[%mdl 64] Skewer} 33. Kf4 Rxe5 34. Rxe5 Qc4+ 35. Kg5 Qxc3) 32. Ke3 {[%csl Ge7][%cal Re5c7] White mates.} Qa5 33. Re8+ Kd7 34. Qe6+ Kc7 35. Qe7+ {Accuracy: White = 35%, Black = 47%.} (35. Rc8# $142) 1-0

[Event "Stay Safe Play From Home 237"]
[Site "Emanuel Lasker Arena"]
[Date "2020.06.18"]
[Round "3"]
[White "Matanant"]
[Black "Haris kollari 13"]
[Result "0-1"]
[WhiteElo "1805"]
[BlackElo "1820"]
[Annotator "NA RC"]
[PlyCount "88"]
[EventDate "2020.06.18"]
[EventType "swiss (blitz)"]

1. b3 {[%emt 0:00:03]} e5 {[%emt 0:00:08]} 2. Bb2 {[%emt 0:00:00]} f6 {[%emt 0:00:01]} 3. e3 {[%emt 0:00:00]} d5 {[%emt 0:00:02]} 4. d4 {[%emt 0:00:03]} e4 {[%emt 0:00:01]} 5. c4 {[%emt 0:00:01]} c6 {[%emt 0:00:01]} 6. c5 {[%emt 0:00:10]} f5 {[%emt 0:00:01]} 7. g3 {[%emt 0:00:02]} Be6 {[%emt 0:00:01]} 8. Bg2 {[%emt 0:00:01]} Nf6 {[%emt 0:00:01]} 9. Ne2 {[%emt 0:00:01]} Be7 {[%emt 0:00:01]} 10. O-O {[%emt 0:00:02]} g5 {[%emt 0:00:02]} 11. f3 {[%emt 0:00:04]} h5 {[%emt 0:00:08]} 12. fxe4 {[%emt 0:00:05]} fxe4 {[%emt 0:00:01]} 13. h3 {[%emt 0:00:06]} Qd7 {[%emt 0:00:02]} 14. Kh2 {[%emt 0:00:05]} Na6 {[%emt 0:00:02]} 15. Ng1 {[%emt 0:00:03]} O-O-O {[%emt 0:00:02]} 16. a3 {[%emt 0:00:05]} Rdf8 {[%emt 0:00:02]} 17. Nd2 {[%emt 0:00:04]} Nc7 {[%emt 0:00:02]} 18. Qe2 {[%emt 0:00:03]} Nce8 {[%emt 0:00:02]} 19. b4 {[%emt 0:00:02]} Qc7 {[%emt 0:00:02]} 20. Kh1 {[%emt 0:00:06]} Qxg3 {[%emt 0:00:03]} 21. b5 {[%emt 0:00:10]} g4 {[%emt 0:00:03]} 22. bxc6 {[%emt 0:00:07]} gxh3 {[%emt 0:00:05]} 23. cxb7+ {[%emt 0:00:02]} Kb8 {[%emt 0:00:02]} 24. Bc3 {[%emt 0:00:13]} hxg2+ {[%emt 0:00:02]} 25. Qxg2 {[%emt 0:00:02]} Qxg2+ {[%emt 0:00:07]} 26. Kxg2 {[%emt 0:00:02]} Ng4 {[%emt 0:00:01]} 27. Rfe1 {[%emt 0:00:08]} h4 {[%emt 0:00:02]} 28. Nh3 {[%emt 0:00:03]} Kxb7 {[%emt 0:00:07]} 29. Rab1+ {[%emt 0:00:02]} Ka8 {[%emt 0:00:01]} 30. c6 {[%emt 0:00:06]} Nc7 {[%emt 0:00:03]} 31. Rb7 {[%emt 0:00:02]} Bd6 {[%emt 0:00:03]} 32. Ba5 {[%emt 0:00:01]} Rc8 {[%emt 0:00:06]} 33. Nf4 {[%emt 0:00:04]} Bf7 {[%emt 0:00:06]} 34. Nf1 {[%emt 0:00:09]} h3+ {[%emt 0:00:01]} 35. Kh1 {[%emt 0:00:02]} h2 {[%emt 0:00:03]} 36. Ng3 {[%emt 0:00:13]} Nxe3 {[%emt 0:00:15]} 37. Rxe3 {[%emt 0:00:07]} Bxf4 {[%emt 0:00:02]} 38. Reb3 {[%emt 0:00:00]} e3 {[%emt 0:00:07]} 39. Ne2 {[%emt 0:00:08]} Bd6 {[%emt 0:00:03]} 40. Bb4 {[%emt 0:00:03]} Bxb4 {[%emt 0:00:05]} 41. R3xb4 {[%emt 0:00:01]} Bh5 {[%emt 0:00:01]} 42. Ra4 {[%emt 0:00:00]} Nb5 {[%emt 0:00:04]} 43. Kg2 {[%emt 0:00:04]} Bxe2 {[%emt 0:00:05]} 44. Raxa7+ {[%emt 0:00:04]} Nxa7 {[%emt 0:00:02] Time (Lag: Av=0.66s, max=0.9s)} 0-1

[Event "Stay Safe Play From Home 237"]
[Site "Emanuel Lasker Arena"]
[Date "2020.06.18"]
[Round "3"]
[White "Buzaglo"]
[Black "Shyamph1980"]
[Result "1-0"]
[WhiteElo "1728"]
[BlackElo "1614"]
[Annotator "NA RC"]
[PlyCount "69"]
[EventDate "2020.06.18"]
[EventType "swiss (blitz)"]

1. d4 {[%emt 0:00:01]} d5 {[%emt 0:00:02]} 2. Nf3 {[%emt 0:00:01]} c6 {[%emt 0:00:01]} 3. g3 {[%emt 0:00:00]} Nd7 {[%emt 0:00:05]} 4. Bg2 {[%emt 0:00:00]} Qc7 {[%emt 0:00:01]} 5. O-O {[%emt 0:00:00]} g6 {[%emt 0:00:02]} 6. Bf4 {[%emt 0:00:01]} Qd8 {[%emt 0:00:05]} 7. Ne5 {[%emt 0:00:01]} Bg7 {[%emt 0:00:02]} 8. c4 {[%emt 0:00:02]} Ngf6 {[%emt 0:00:02]} 9. cxd5 {[%emt 0:00:02]} Nxd5 {[%emt 0:00:02]} 10. Nxd7 {[%emt 0:00:01]} Bxd7 {[%emt 0:00:02]} 11. Be5 {[%emt 0:00:01]} O-O {[%emt 0:00:02]} 12. Bxg7 {[%emt 0:00:01]} Kxg7 {[%emt 0:00:02]} 13. Nc3 {[%emt 0:00:00]} Nxc3 {[%emt 0:00:07]} 14. bxc3 {[%emt 0:00:00]} Qa5 {[%emt 0:00:06]} 15. Qb3 {[%emt 0:00:02]} Rab8 {[%emt 0:00:07]} 16. c4 {[%emt 0:00:06]} Be6 {[%emt 0:00:08]} 17. d5 {[%emt 0:00:03]} cxd5 {[%emt 0:00:03]} 18. cxd5 {[%emt 0:00:00]} Bd7 {[%emt 0:00:05]} 19. e4 {[%emt 0:00:02]} Ba4 {[%emt 0:00:07]} 20. Qb2+ {[%emt 0:00:02]} Kg8 {[%emt 0:00:04]} 21. Qe5 {[%emt 0:00:01]} Rfe8 {[%emt 0:00:12]} 22. Rac1 {[%emt 0:00:03]} Qd8 {[%emt 0:00:15]} 23. Rc7 {[%emt 0:00:03]} Qd6 {[%emt 0:00:04]} 24. Qxd6 {[%emt 0:00:08]} exd6 {[%emt 0:00:01]} 25. Rfc1 {[%emt 0:00:01]} a6 {[%emt 0:00:18]} 26. f3 {[%emt 0:00:03]} Kf8 {[%emt 0:00:10]} 27. Kf2 {[%emt 0:00:03]} Red8 {[%emt 0:00:01]} 28. Ke2 {[%emt 0:00:08]} Bb5+ {[%emt 0:00:03]} 29. Ke3 {[%emt 0:00:01]} Rd7 {[%emt 0:00:03]} 30. Rc8+ {[%emt 0:00:05]} Rxc8 {[%emt 0:00:02]} 31. Rxc8+ {[%emt 0:00:00]} Ke7 {[%emt 0:00:01]} 32. Bh3 {[%emt 0:00:01]} Rd8 {[%emt 0:00:01]} 33. Rc7+ {[%emt 0:00:02]} Kf8 {[%emt 0:00:03]} 34. Rxb7 {[%emt 0:00:01]} Rc8 {[%emt 0:00:01]} 35. Bxc8 {[%emt 0:00:02] Shyamph1980 resigns (Lag: Av=0.75s, max=1.1s)} 1-0